000 00734nam a2200241Ia 4500
003 OSt
005 20220926005416.0
006 a|||||r|||| 00| 0
007 ta
008 220923b |||||||| |||| 00| 0 eng d
020 _a9789383166022
_c625.00
037 _b1277, 08/03/2017, Dhanraj Book House
_cGeneral Book
040 _aRTL
_cRTL
_beng
041 _2eng
_aeng
082 _aWxM05, Q4
100 _aBERNARD Jean Alphones
_9310222
245 0 _aTocqueville in India
260 _a New Delhi
_bSocial Science Press
_c2014
300 _axiv,247p.
_ccm.
650 _aSociology
942 _hWxM05, Q4
_cGB
_2CC
999 _c613723
_d613723